|
|
|
|
| LEADER |
00000nam0a2200000 4500 |
| 001 |
263617 |
| 005 |
20231101233745.0 |
| 035 |
|
|
|a (RuTPU)RU\TPU\book\286605
|
| 090 |
|
|
|a 263617
|
| 100 |
|
|
|a 20140610d1988 k y0rusy50 ca
|
| 101 |
0 |
|
|a rus
|
| 102 |
|
|
|a RU
|
| 105 |
|
|
|a y z 001zy
|
| 200 |
1 |
|
|a Социально-экономические проблемы организации общественного производства при социализме
|e межвузовский сборник научных трудов
|f Воронежский государственный университет ; под ред. И. Г. Незнамова
|
| 210 |
|
|
|a Воронеж
|c Изд-во Воронежского гос. ун-та
|d 1988
|
| 215 |
|
|
|a 144 с.
|
| 320 |
|
|
|a Библиогр. в конце ст.
|
| 606 |
1 |
|
|a Общественный сектор
|x Экономика
|y Россия
|2 stltpush
|3 (RuTPU)RU\TPU\subj\46691
|9 65808
|
| 610 |
1 |
|
|a социально-экономические проблемы
|
| 610 |
1 |
|
|a общественное производство
|
| 610 |
1 |
|
|a социализм
|
| 610 |
1 |
|
|a методологические проблемы
|
| 610 |
1 |
|
|a интенсификация
|
| 610 |
1 |
|
|a хозяйственный механизм
|
| 610 |
1 |
|
|a перестройка
|
| 610 |
1 |
|
|a экономическая культура
|
| 610 |
1 |
|
|a непроизводственная сфера
|
| 610 |
1 |
|
|a эффективность
|
| 686 |
|
|
|a У9(2)0
|v LBC/SL-A
|2 rubbk
|
| 702 |
|
1 |
|a Незнамов
|b И. Г.
|4 340
|
| 712 |
0 |
2 |
|a Воронежский государственный университет
|2 stltpush
|3 (RuTPU)RU\TPU\col\4805
|9 24026
|
| 801 |
|
1 |
|a RU
|b 63413507
|c 20140610
|
| 801 |
|
2 |
|a RU
|b 63413507
|c 20150414
|g RCR
|
| 942 |
|
|
|c BK
|